000 00914nam a2200253Ia 4500
003 OSt
005 20221005104938.0
006 a|||||r|||| 00| 0
007 ta
008 221004b |||||||| |||| 00| 0 hin d
020 _a9788190553414 (hbk)
_c2500
024 _a93960
037 _b413, 23/03/2009, Swaraj Prakashan
_cTextual
040 _aCRL
_cCRL
_bhin
041 _2hin
_ahin
082 _aO152,6N31x, P8
100 _aमिश्र, शिवकुमार
245 0 _aआधुनिक कविता और युग - संदर्भ
246 _aĀdhunik kavitā aur yug - sandarbha
260 _aदिल्ली
_bस्वराज प्रकाशन भारत
_c2008
300 _a278पृ0
_ccm.
942 _hO152,6N31x, P8
_cTEXL
_2cc
999 _c1014272
_d1014272